Normal view
MARC view
- Falcon of the Quraish
Entry Topical Term
001 - CONTROL NUMBER
- control field: 106047
003 - CONTROL NUMBER IDENTIFIER
- control field: NUST
005 - DATE AND TIME OF LATEST TRANSACTION
- control field: 20221227125552.0
008 - FIXED-LENGTH DATA ELEMENTS
- fixed length control field: 221227|| aca||aabn | a|a d
040 ## - CATALOGING SOURCE
- Original cataloging agency: NUST
- Transcribing agency: NUST
150 ## - HEADING--TOPICAL TERM
- Topical term or geographic name entry element: Falcon of the Quraish
670 ## - SOURCE DATA FOUND
- Source citation: Work cat.: (NUST)185110: Akram A. I 44797, The Falcon of the Quraish
